Tekst piosenki "Z Kopyta Kulig Rwie" - Statystyki

Ogólne statystyki
  • Ten quiz został rozwiązany 62 razy
  • Średni wynik to 15 z 20
Statystyki odpowiedzi
Tekst % Poprawnych
Ciągną, ciągną {sanie}, góralskie koniki
100%
Hej, jadą w {saniach} panny, przy nich janosiki
94%
Z kopyta {kulig} rwie…
93%
Z kopyta {kulig} rwie…
93%
Z kopyta {kulig} rwie…
93%
Z kopyta {kulig} rwie…
93%
Hej, porwali te {panny} prosto od Kmicica
85%
Hej, porwali te {panny} prosto od Kmicica
85%
Z kopyta kulig rwie, hej kulig {rwie}
83%
Pędzi, pędzi kulig niczym {błyskawica}
80%
Zmarznięta ziemia drży, hej {ziemia} drży
78%
Coraz który krzyknie nie {wiadomo} na co
76%
Dziewczyna tuli się, hej {tuli się}
76%
Hej, {echo} odpowiada, bo mu za to płacą
69%
Hej, {echo} odpowiada, bo mu za to płacą
69%
Hej, z {wierzchu} baranica, a pod spodem smoking
61%
Hej, z {wierzchu} baranica, a pod spodem smoking
61%
Spod {kopyt} lecą skry, hej lecą skry
48%
{Zbójnik} od Kmicica, zbójnik szarooki
35%
Patrz, gwiazdy świecą w {domach}, nisko na dnie
13%
Nie znaleziono quizów pasujących do podanych kryteriów
Rozkład punktacji
Procent ludzi z każdym wynikiem
Percentyl według liczby udzielonych odpowiedzi
Twoja historia wyników
Nie rozwiązałeś tego quizu